[Event "FRA-ch op-C"]
[Site "Nancy"]
[Date "2013.08.16"]
[Round "5"]
[White "Boursier, Marianne"]
[Black "Coiffait, Casimir"]
[Result "1/2-1/2"]
[WhiteElo "1714"]
[BlackElo "1764"]
[PlyCount "81"]
[EventDate "2013.08.11"]
[EventType "swiss"]
[EventRounds "11"]
[EventCountry "FRA"]
[SourceTitle "CBM 156 Extra"]
[Source "ChessBase"]
[SourceDate "2013.10.22"]
[SourceVersion "1"]
[SourceVersionDate "2013.10.22"]
[SourceQuality "1"]

1. e4 e6 2. d4 d5 3. Nd2 Nf6 4. exd5 exd5 5. Ngf3 Bg4 6. Be2 Bd6 7. h3 Bh5 8. Nh4 Bg6 9. Nxg6 hxg6 10. Nf3 Ne4 11. Bd3 Qe7 12. Qe2 Nc6 13. c3 0-0-0 14. Be3 Rde8 15. 0-0-0 Nxf2 16. Qxf2 Qxe3+ 17. Qxe3 Rxe3 18. Rhe1 Rhe8 19. Rxe3 Rxe3 20. Kc2 Kd7 21. Re1 Rxe1 22. Nxe1 Ne7 23. Nf3 Nf5 24. Kd2 Bf4+ 25. Ke2 Ng3+ 26. Kd1 Ke6 27. Nd2 f5 28. Nf3 Ne4 29. Be2 b6 30. Kc2 c5 31. c4 Be3 32. cxd5+ Kxd5 33. dxc5 Nxc5 34. Nh4 Ne6 35. Nxg6 f4 36. Bf3+ Kc5 37. Kd3 Ng5 38. Bg4 Bc1 39. Kc2 Be3 40. Ne5 Ne4 41. Nd3+ 1/2-1/2

[Event "FRA-ch op-C"]
[Site "Pau"]
[Date "2012.08.23"]
[Round "9"]
[White "Boursier, Marianne"]
[Black "Thomas, Apolline"]
[Result "0-1"]
[WhiteElo "1724"]
[BlackElo "1699"]
[PlyCount "46"]
[EventDate "2012.08.14"]
[EventType "swiss"]
[EventRounds "11"]
[EventCountry "FRA"]
[SourceTitle "EXT 2014"]
[Source "ChessBase"]
[SourceDate "2013.11.20"]
[SourceVersion "1"]
[SourceVersionDate "2013.11.20"]
[SourceQuality "1"]

1. e4 e5 2. Nf3 Nc6 3. Nc3 Nf6 4. a3 Be7 5. d4 exd4 6. Nxd4 Nxd4 7. Qxd4 d6 8. Bc4 0-0 9. 0-0 Ng4 10. Nd5 Ne5 11. Nxe7+ Qxe7 12. Be2 f5 13. exf5 Rxf5 14. b4 Be6 15. Bb2 Qf7 16. Rae1 Rf4 17. Qc3 Rf8 18. f3 Qg6 19. Kh1 Rh4 20. Qe3 Rf5 21. Bd3 Qg3 22. Kg1 Qxh2+ 23. Kf2 Ng4+ 0-1

[Event "FRA-ch op-C"]
[Site "Pau"]
[Date "2012.08.17"]
[Round "4"]
[White "Lescop, Etienne"]
[Black "Boursier, Marianne"]
[Result "0-1"]
[WhiteElo "1693"]
[BlackElo "1724"]
[PlyCount "36"]
[EventDate "2012.08.14"]
[EventType "swiss"]
[EventRounds "11"]
[EventCountry "FRA"]
[SourceTitle "EXT 2014"]
[Source "ChessBase"]
[SourceDate "2013.11.20"]
[SourceVersion "1"]
[SourceVersionDate "2013.11.20"]
[SourceQuality "1"]

1. e4 c5 2. Nc3 Nc6 3. g3 g6 4. Bg2 Bg7 5. Nge2 Rb8 6. a4 d6 7. h3 e6 8. d3 Nge7 9. Be3 Nd4 10. Qc1 a6 11. Bh6 Bxh6 12. Qxh6 Nxc2+ 13. Kd2 Nxa1 14. Rxa1 Ng8 15. Qf4 h6 16. e5 d5 17. Nxd5 exd5 18. e6 Bxe6 0-1